| 000 | 01314nam a2200325 a 4500 | ||
|---|---|---|---|
| 001 | ebr10017966 | ||
| 003 | CaPaEBR | ||
| 006 | m u | ||
| 007 | cr cn||||||||| | ||
| 008 | 000314s2001 ctu sb 001 0 eng | ||
| 010 | _z 00035323 | ||
| 020 | _z9781567508451 | ||
| 020 | _z0313306761 (alk. paper) | ||
| 040 |
_aCaPaEBR _cCaPaEBR |
||
| 035 | _a(OCoLC)70769147 | ||
| 050 | 1 | 4 |
_aZA4460 _b.M33 2001eb |
| 082 | 0 | 4 |
_a025.04 _221 |
| 100 | 1 |
_aMacDonald, Randall M., _d1961- |
|
| 245 | 1 | 0 |
_aSuccessful keyword searching _h[electronic resource] : _binitiating research on popular topics using electronic databases / _cRandall M. MacDonald and Susan Priest MacDonald. |
| 260 |
_aWestport, Conn. : _bGreenwood Press, _c2001. |
||
| 300 | _axviii, 443 p. | ||
| 504 | _aIncludes bibliographical references and index. | ||
| 533 |
_aElectronic reproduction. _bPalo Alto, Calif. : _cebrary, _d2013. _nAvailable via World Wide Web. _nAccess may be limited to ebrary affiliated libraries. |
||
| 650 | 0 | _aDatabase searching. | |
| 650 | 0 | _aKeyword searching. | |
| 655 | 7 |
_aElectronic books. _2local |
|
| 700 | 1 |
_aMacDonald, Susan Priest, _d1958- |
|
| 710 | 2 | _aebrary, Inc. | |
| 856 | 4 | 0 |
_uhttp://site.ebrary.com/lib/rucke/Doc?id=10017966 _zAn electronic book accessible through the World Wide Web; click to view |
| 999 |
_c29273 _d29273 |
||